الصورة الذهنية عن المرأة المصرية والأمريكية‏ وثقافة المشاركة في المجال العام : (رقم التسجيلة. 179845)

تفاصيل مارك
000 -LEADER
fixed length control field 05028namaa22004211i 4500
003 - CONTROL NUMBER IDENTIFIER
control field OSt
005 - أخر تعامل مع التسجيلة
control field 20260506104238.0
008 - FIXED-LENGTH DATA ELEMENTS--GENERAL INFORMATION
fixed length control field 250827s2025 ua a|||frm||| 000 0 eng d
040 ## - CATALOGING SOURCE
Original cataloguing agency EG-GICUC
Language of cataloging ara
Transcribing agency EG-GICUC
Modifying agency EG-GICUC
Description conventions rda
041 0# - LANGUAGE CODE
Language code of text/sound track or separate title ara
Language code of summary or abstract ara
-- eng
049 ## - Acquisition Source
Acquisition Source إيداع
082 04 - DEWEY DECIMAL CLASSIFICATION NUMBER
Classification number 305.42
092 ## - LOCALLY ASSIGNED DEWEY CALL NUMBER (OCLC)
Classification number 305.42
Edition number 21
097 ## - Degree
Degree دكتـــــوراه‎
099 ## - LOCAL FREE-TEXT CALL NUMBER (OCLC)
Local Call Number Cai01.02.01.Ph.D.2025.نو.ص
100 0# - MAIN ENTRY--PERSONAL NAME
Authority record control number or standard number ،نورهان حسن محمد علي حسين
Preparation إعداد.
245 12 - TITLE STATEMENT
Title الصورة الذهنية عن المرأة المصرية والأمريكية‏ وثقافة المشاركة في المجال العام :
Remainder of title دراسة تحليلية مقارنة ‏/
Statement of responsibility, etc. إعداد نورهان حسن محمد علي حسين؛ إشراف أ.د/ أحمد مجدي حجازي، أ.د/ هناء محمد الجوهري.
246 15 - VARYING FORM OF TITLE
Title proper/short title The stereotype of egyptian and american women and culture of participation in the public sphere :
Remainder of title A comparative analytical study /
264 #0 - PRODUCTION, PUBLICATION, DISTRIBUTION, MANUFACTURE, AND COPYRIGHT NOTICE
Date of production, publication, distribution, manufacture, or copyright notice 2025.
300 ## - PHYSICAL DESCRIPTION
Extent 308 صفحة :
Other physical details إيضاحيات ؛
Dimensions 25 سم. +
Accompanying material CD.
336 ## - CONTENT TYPE
Content type term text
Source rda content
337 ## - MEDIA TYPE
Media type term Unmediated
Source rdamedia
338 ## - CARRIER TYPE
Carrier type term volume
Source rdacarrier
502 ## - DISSERTATION NOTE
Dissertation note أطروحة (دكتوراه)-جامعة القاهرة، 2025.
504 ## - BIBLIOGRAPHY, ETC. NOTE
Bibliography, etc. note ببليوجرافيا: صفحات 263-277.
520 ## - SUMMARY, ETC.
Summary, etc. تبلورت مشكلة الدراسة في البحث عن "الصورة الذهنية عن المرأة المصرية والأمريكية وثقافة المشاركة في المجال العام" من منظور تحليلي مقارن، حيث سعت إلى فهم كيفية تشكل هذه الصورة من وجهة نظر المرأة لذاتها ونظرة الرجل لها، وتأثير العوامل الثقافية، الاجتماعية، التعليمية، الإعلامية، الدينية، والاقتصادية على مشاركتها في المجال العام وفقًا لاختلاف السياقات بين المجتمعين المصري والأمريكي. وقد اعتمدت الباحثة على المنهج الوصفي والمقارن، مستخدمةً استمارة استبيان قائمة على مقياس ليكرت الثلاثي، إضافة إلى مقابلات متعمقة. شملت العينة العمدية 239 فردا، بواقع (119 فردًا من المجتمع المصري و120 من المجتمع الأمريكي)، مع مراعاة التوازن بين الجنسين ضمن الفئة العمرية (18-65 عامًا) لتحليل الفروقات في التصورات. كما أجرت الباحثة مقابلات متعمقة مع (19 فردا). شملت هذه العينة 7 أفراد من خلفية ثقافية مزدوجة (مصرية-أمريكية)، و12 فردا من (خلفية أمريكية بحتة)، مما أضفي بُعدًا نوعيًا مهمًا عزز نتائج التحليل وعمّق الفهم الثقافي المتبادل.
520 ## - SUMMARY, ETC.
Summary, etc. The problem of the study crystallized in the search for: "The Stereotype of Egyptian and American Women and Culture of Participation in the Public Sphere" from a comparative analytical perspective. The study aimed to understand how this image is formed from the woman's self-view and the man's view of her, as well as the impact of cultural, social, educational, media, religious, and economic factors on her participation in the public sphere, according to the differing contexts between Egyptian and American societies.The researcher relied on a Descriptive Analytical approach, using a questionnaire based on a three-point Likert scale, in addition to in-depth interviews. The purposive sample included 239 individuals, with 119 from The Egyptian society and 120 from The American society, ensuring gender balance within the age range of 18-65 years to analyze differences in perceptions. The researcher also conducted in-depth interviews with 19 participants, including (7 with a Dual Cultural Background) "Egyptian-American" and (12 with a Purely American background), which added an important qualitative dimension that enriched the analysis and deepened mutual cultural understanding.
530 ## - ADDITIONAL PHYSICAL FORM AVAILABLE NOTE
Issues CD صدر أيضًا كقرص مدمج.
546 ## - LANGUAGE NOTE
Text Language النص بالعربية والملخص باللغة الإنجليزية والعربية.
650 #7 - SUBJECT ADDED ENTRY--TOPICAL TERM
Topical term or geographic name entry element المرأة فى الحياة العامة
Source of heading or term qrmak
653 #0 - INDEX TERM--UNCONTROLLED
Uncontrolled term الصورة الذهنية
-- الصورة النمطية
-- المرأة
700 0# - ADDED ENTRY--PERSONAL NAME
Personal name أحمد مجدي حجازي
Relator term مشرف أطروحة.
700 0# - ADDED ENTRY--PERSONAL NAME
Personal name هناء محمد الجوهري
Relator term مشرف أطروحة.
900 ## - Thesis Information
Grant date 19-05-2025
Supervisory body أحمد مجدي حجازي
-- هناء محمد الجوهري
Discussion body هويدا سيد مصطفى
-- صالح ‏سليمان عبد العظيم سليمان
Universities جامعة القاهرة
Faculties كلية الآداب
Department قسم علم الاجتماع
905 ## - Cataloger and Reviser Names
Cataloger Name Sara Salah
Reviser Names Afaf
942 ## - ADDED ENTRY ELEMENTS (KOHA)
Source of classification or shelving scheme Dewey Decimal Classification
Koha item type Thesis
Edition 21
Suppress in OPAC No
المقتنيات
Source of classification or shelving scheme Home library Current library Date acquired Inventory number Full call number Barcode Date last seen Effective from Koha item type
Dewey Decimal Classification المكتبة المركزبة الجديدة - جامعة القاهرة قاعة الرسائل الجامعية - الدور الاول 30.04.2026 33158 Cai01.02.01.Ph.D.2025.نو.ص 01010100033158000 30.04.2026 30.04.2026 Thesis
Cairo University Libraries Portal Implemented & Customized by: Eng. M. Mohamady Contacts: new-lib@cl.cu.edu.eg | cnul@cl.cu.edu.eg
CUCL logo CNUL logo
© All rights reserved — Cairo University Libraries
CUCL logo
Implemented & Customized by: Eng. M. Mohamady Contact: new-lib@cl.cu.edu.eg © All rights reserved — New Central Library
CNUL logo
Implemented & Customized by: Eng. M. Mohamady Contact: cnul@cl.cu.edu.eg © All rights reserved — Cairo National University Library